Statistics for Every country in Africa from worst to best (to live in)

Click here to take the quiz!

General Stats

  • This quiz has been taken 15 times
  • The average score is 18 of 54

Answer Stats

HintAnswer% Correct
East AfricaSeychelles
77%
Southern AfricaMauritius
69%
North AfricaTunisia
69%
Southern AfricaBotswana
62%
North AfricaAlgeria
54%
East AfricaEritrea
54%
West AfricaNigeria
54%
Central AfricaCentral African Republic
46%
West AfricaIvory Coast
46%
East AfricaRwanda
46%
West AfricaBenin
38%
West AfricaBurkina Faso
38%
West AfricaCape Verde
38%
North AfricaEgypt
38%
West AfricaGhana
38%
North AfricaMorocco
38%
East AfricaSomalia
38%
Southern AfricaSouth Africa
38%
East AfricaSouth Sudan
38%
West AfricaTogo
38%
Southern AfricaAngola
31%
East AfricaBurundi
31%
Central AfricaChad
31%
Central AfricaCongo
31%
East AfricaDjibouti
31%
Central AfricaEquatorial Guinea
31%
East AfricaEthiopia
31%
West AfricaGambia
31%
West AfricaGuinea
31%
West AfricaGuinea-Bissau
31%
East AfricaKenya
31%
North AfricaLibya
31%
West AfricaMali
31%
Southern AfricaNamibia
31%
West AfricaSierra Leone
31%
Southern AfricaZambia
31%
Southern AfricaEswatini
23%
Southern AfricaLesotho
23%
West AfricaLiberia
23%
Southern AfricaMalawi
23%
West AfricaMauritania
23%
West AfricaNiger
23%
Central AfricaSao Tome and Principe
23%
West AfricaSenegal
23%
East AfricaTanzania
23%
East AfricaUganda
23%
Southern AfricaZimbabwe
23%
Central AfricaCameroon
15%
Southern AfricaComoros
15%
Central AfricaDemocratic Republic of the Congo
15%
Central AfricaGabon
15%
Southern AfricaMadagascar
15%
Southern AfricaMozambique
15%
East AfricaSudan
15%

Score Distribution

Percentile by Number Answered

Percent of People with Each Score

Your Score History

You have not taken this quiz